Applications of algebraic K-theory to algebraic geometry and number theory : proceedings of the AMS-IMS-SIAM joint summer research conference held June 12-18, 1983, with support from the National Science Foundation
Αποθηκεύτηκε σε:
| Συλλογικό Έργο: | , , , |
|---|---|
| Άλλοι συγγραφείς: | |
| Μορφή: | Πρακτικό Συνεδρίου Βιβλίο |
| Γλώσσα: | English |
| Δημοσίευση: |
Providence, R.I. :
American Mathematical Society,
c1986.
|
| Σειρά: | Contemporary mathematics (American Mathematical Society) ;
55 |
| Θέματα: | |
| Ετικέτες: |
Προσθήκη ετικέτας
Δεν υπάρχουν, Καταχωρήστε ετικέτα πρώτοι!
|
MARC
| LEADER | 00000cam a2200000 i 4500 | ||
|---|---|---|---|
| 001 | 1/104406 | ||
| 008 | 000310s1986 riu| ||| |||| ||eng|| | ||
| 020 | |a 0821850563 | ||
| 020 | |a 0821850555 | ||
| 035 | |l 10058827 | ||
| 040 | |a GR-MyUA |b gre |e AACR2 | ||
| 041 | 0 | |a eng | |
| 082 | 7 | |a 512.55 |2 (22) | |
| 111 | 2 | |a AMS-IMS-SIAM Joint Summer Research Conference in the Mathematical Sciences on Applications of Algebraic K-Theory to Algebraic Geometry and Number Theory |d (1983 : |c University of Colorado, Boulder) | |
| 245 | 1 | 0 | |a Applications of algebraic K-theory to algebraic geometry and number theory : |b proceedings of the AMS-IMS-SIAM joint summer research conference held June 12-18, 1983, with support from the National Science Foundation / |c Spencer J. Bloch...[et al.], editors. |
| 260 | |a Providence, R.I. : |b American Mathematical Society, |c c1986. | ||
| 300 | |a 2 τ. (xv, 818 σ.) : |b εικ. ; |c 26 εκ. | ||
| 490 | 1 | |a (Contemporary mathematics / American Mathematical Society ; |v 55) | |
| 500 | |a "The AMS-IMS-SIAM Joint Summer Research Conference in the Mathematical Sciences on Applications of Algebraic K-Theory to Algebraic Geometry and Number Theory was held at the University of Colorado, Boulder" | ||
| 504 | |a Περιέχει βιβλιογραφικές αναφορές. | ||
| 650 | 0 | |a K-theory |x Congresses. | |
| 650 | 0 | |a Geometry, Algebraic |x Congresses. | |
| 650 | 0 | |a Algebraic number theory |x Congresses. | |
| 700 | 1 | |a Bloch, Spencer, |e edt | |
| 710 | 2 | |a American Mathematical Society. | |
| 710 | 2 | |a Institute of Mathematical Statistics. | |
| 710 | 2 | |a Society for Industrial and Applied Mathematics. | |
| 830 | 0 | |a Contemporary mathematics (American Mathematical Society) ; |v 55 | |
| 852 | |a INST |b SAMOS |e 20000315 |h 512.55 AMS |p 005300018039 |q 005300018039 |t BK |y 0 |z v.2 | ||
| 852 | |a INST |b SAMOS |e 20000310 |h 512.55 AMS |p 005300018060 |q 005300018060 |t BK |y 0 |z v.1 | ||
| 852 | |a INST |b SAMOS |e 20000315 |h 512.55 AMS |p 005300018039 |q 005300018039 |t BK |v v.2: |y 0 |z v.2 | ||
| 852 | |a INST |b SAMOS |e 20000310 |h 512.55 AMS |p 005300018060 |q 005300018060 |t BK |v v.1: |y 0 |z v.1 | ||
| 853 | |a INST |b SAMOS |h 512.55 AMS | ||
| 901 | |a BIBL3-2000-1 | ||
| 922 | |a 3ΕΛΗ |b 199911 |c ΕΠΕΑΕΚ/ΜΑΘ |d ΠΑΠΑΣΩΤΗΡΙΟΥ | ||
| 970 | |a ΚΟΣΙΕΡΗΣ |b ΧΡΗΣΤΟΣ |z 2000/03/10 | ||